000 01370nam a2200421 a 4500
999 _c22902
_d22902
001 vtls009093034
005 20201015073702.0
008 151112s2007 xo o f 001 0 slo
020 _a9788080463625 (viaz.)
035 _a406831C0-10F9-4DE8-96A7-81AA1488862B
035 _aurn:nbn:sk:snk-amjv99
035 _aurn:nbn:sk:snk-am005dw0
040 _aSNK
_bslo
_cSNK
_eAACR2
041 1 _aslo
_heng
044 _axo
_cSK
072 7 _a613
_xHygiena. Ľudské zdravie
_2konspekt
080 _a613.952/954
_22001
080 _a612.65
_22001
080 _a159.922.72
_22001
080 _a37.03-053.2
_22001
080 _a(035)
_22001
100 1 _aCooper, Carol
_d1951-
_91840
240 1 0 _aJohnson's, mother & baby
_lSlovensky
245 1 0 _aPerfektná kniha o matke a dieťati
_cCarol Cooperová ; [z anglického originálu preložili Adela Böhmerová a Beata Baranová]
250 _a2. vyd.
260 _aBratislava
_bPerfekt
_c2007
300 _a284 s.
_bfareb. fotogr.
_c29 cm
500 _aA doorling kindersley book
500 _aReg.
650 0 7 _astarostlivosť o dieťa
_2SNKPH
_91841
650 0 7 _avývoj dieťaťa
_2SNKPH
_91842
650 0 7 _avýchova dieťaťa
_2SNKPH
_91598
655 7 _apríručky
_2SNKPH
_91541
700 1 _aBöhmerová, Ada,
_d1947-
_4trl
_91843
700 1 _aBaranová, Beata
_4trl
_91844
958 _aOP
958 _aMI